000 00713nam a2200217Ii 4500
003 JO-AjNU
008 230606s9999||||xx |||||||||||||| ||und||
020 _a0-07-060121-6
040 _aJO-AjNU
_beng
_erda
_cJO-AjNU
041 _aeng
050 1 4 _aHD62.4.H63.2006
100 3 _aHodgetts,Richard M,/Fred Luthans/Jonathan P Doh ,
_eauthor
_9329
245 0 0 _aInternational Management:Culture,Strategy,and Behavior
250 _a6th ed
264 3 1 _aNEW DELHI: Tata McGraw-Hill Publishing Company Limited,2006
300 _a609p
336 _atext
_btxt
_2rdacontent
337 _aunmediated
_bn
_2rdamedia
338 _avolume
_bnc
_2rdacarrier
650 4 _aInternational business enterprises -Management
_9330
999 _aE173
_c173
_d173